Answers to tough questions skeptics ask about the Christian faith. (Record no. 8667)

000 -LEADER
fixed length control field 00672nam a2200193 a 4500
001 - CONTROL NUMBER
control field :::00006443$&:&@@
003 - CONTROL NUMBER IDENTIFIER
control field OkBaRHE
005 - DATE AND TIME OF LATEST TRANSACTION
control field 20000607103331.0
008 - FIXED-LENGTH DATA ELEMENTS--GENERAL INFORMATION
fixed length control field s1983 j 000 0 eng u
040 ## - CATALOGING SOURCE
Transcribing agency
100 1# - MAIN ENTRY--PERSONAL NAME
Personal name McDowell, Josh and Stewart, Don.
245 10 - TITLE STATEMENT
Title Answers to tough questions skeptics ask about the Christian faith.
260 ## - PUBLICATION, DISTRIBUTION, ETC. (IMPRINT)
Place of publication, distribution, etc San Bernardino, CA., :
Name of publisher, distributor, etc Here's Life Publishers
Date of publication, distribution, etc 1983
300 ## - PHYSICAL DESCRIPTION
Extent 198 p. ;
Dimensions 21 cm.
650 ## - SUBJECT ADDED ENTRY--TOPICAL TERM
Topical term or geographic name as entry element Apologetics
General subdivision 20th Century
-- Miscellanea
700 ## - ADDED ENTRY--PERSONAL NAME
Personal name Stewart, Don Douglas, Joint author.
942 ## - ADDED ENTRY ELEMENTS (KOHA)
Source of classification or shelving scheme
Koha item type Books
Copies
Price effective from Date last seen Shelving location Full call number Date acquired Barcode Lost status Koha item type Total Checkouts Withdrawn status Date checked out Copy number Current Location Not for loan Permanent Location Damaged status Source of classification or shelving scheme
2010-04-142014-01-31General StacksBT 1102 .M242010-04-146443 Books1 2013-09-201RHEMA Bible Training College RHEMA Bible Training College